000 00338nam a2200133Ia 4500
008 240719s9999 xx 000 0 und d
041 _aeng
082 _a828 GUP
100 _aGupta, Shekhar
245 _aWalk The Talk
260 _aNew Delh
_bRupa
_c2017
300 _a354 P.; 24 Cm.
520 _aFaculty Purchase For LRC/ Prof. J Sharma
999 _c41176
_d41176